|
|
|
|
| LEADER |
00000cam a2200000 7i4500 |
| 001 |
0000035990 |
| 005 |
20130529.0 |
| 008 |
130529 |
| 020 |
|
|
|a 9833669738
|
| 090 |
0 |
0 |
|a 641.83
|b SAL
|
| 245 |
1 |
0 |
|a Salad :
|b kompilasi majalah Karangkraf
|c [Penyelaras Siti Aisyah Hussain]
|
| 260 |
|
|
|a Selangor :
|b Buku Prima ,
|c 2011
|
| 440 |
|
|
|a Resepi Prima
|
| 650 |
|
0 |
|a Cookery (Salad dressing)
|
| 999 |
|
|
|a 0001179750
|b Book
|c Adult Collection
|e Cawangan Bukit Gambir
|
| 999 |
|
|
|a 0001179751
|b Book
|c Adult Collection
|e Cawangan Bandar Penawar
|
| 999 |
|
|
|a 0001179752
|b Book
|c Adult Collection
|e Cawangan Kota Tinggi
|
| 999 |
|
|
|a 0001179754
|b Book
|c Adult Collection
|e Cawangan Taman Sri Lambak
|
| 999 |
|
|
|a 0001179755
|b Book
|c Adult Collection
|e Cawangan Pontian
|
| 999 |
|
|
|a 0001179758
|b Book
|c Adult Collection
|e Cawangan Segamat
|
| 999 |
|
|
|a 0001179759
|b Book
|c Adult Collection
|e Cawangan Muar
|
| 999 |
|
|
|a 0001179760
|b Book
|c Adult Collection
|e Cawangan Mersing
|
| 999 |
|
|
|a 0001179762
|b Book
|c Adult Collection
|e Perbadanan Perpustakaan Awam Johor
|